000 00622nam a2200193 a 4500
005 20210223125748.0
008 010531s2003 r 000 0 eng d
020 _a9682467063
035 _aUPN01000141415
049 _aCG
050 4 _aT58.64
_bH4.3 2003
100 1 _aHernández Jiménez, Ricardo
_935138
245 1 0 _aAdministración de la función informática :
_bfactor AFI /
_cRicardo Hernández Jiménez.
250 _a7a ed.
260 _aMéxico :
_bTrillas,
_c2003.
300 _a400 p. :
_bil., cuadros, tablas
650 4 _aSISTEMAS DE ALMACENAMIENTO Y RECUPERACION DE INFORMACION
_96288
905 _aLibro
999 _c113562
_d113562